000 00369nam a2200145Ia 4500
008 230917s9999||||xx |||||||||||||| ||und||
040 _e64859
_aMAIN
041 _aEnglish
082 _a519.5 Q25E:M
100 _aScott, R
245 0 _aMaximum likelihood estimation: logic and practice
260 _aLondon
_bSage Publications
_c1993
300 _a87 p.
942 _cBK
999 _c78264
_d78264